[Event "Xtracon Chess Open 2016"]
[Site "Helsingor DEN"]
[Date "2016.07.23"]
[Round "1.1"]
[White "Choong, Liong-On Mark"]
[Black "Granda Zuniga, Julio E"]
[Result "0-1"]
[WhiteTitle "CM"]
[BlackTitle "GM"]
[WhiteElo "1944"]
[BlackElo "2699"]
[WhiteFideId "5806410"]
[BlackFideId "3800024"]
[EventDate "2016.07.23"]

1. c4 e5 2. g3 Nf6 3. Bg2 Bc5 4. Nc3 O-O 5. d3 Re8 6. Rb1 a5 7. a3 Na6 8. e3 c6
9. Nge2 Bf8 10. O-O d5 11. Qc2 d4 12. exd4 exd4 13. Na4 Bg4 14. f3 Bf5 15. g4
Bg6 16. Nf4 b5 17. h4 bxa4 18. h5 Bxh5 19. gxh5 Nc5 20. Bd2 Bd6 21. h6 Qb8 22.
Nh3 Re2 23. Rf2 Bh2+ 24. Kf1 Rxf2+ 25. Kxf2 Bg3+ 26. Kg1 g6 27. Nf2 Bxf2+ 28.
Kxf2 Nh5 29. Be1 Qh2 0-1

[Event "Xtracon Chess Open 2016"]
[Site "Helsingor DEN"]
[Date "2016.07.23"]
[Round "1.3"]
[White "Bluebaum, Johanna"]
[Black "Shirov, Alexei"]
[Result "0-1"]
[BlackTitle "GM"]
[WhiteElo "1939"]
[BlackElo "2674"]
[WhiteFideId "24647373"]
[BlackFideId "2209390"]
[EventDate "2016.07.23"]

1. d4 Nf6 2. c4 c5 3. d5 e6 4. Nc3 exd5 5. cxd5 d6 6. Nf3 g6 7. h3 Bg7 8. Bf4
O-O 9. e3 Nh5 10. Bh2 f5 11. Be2 f4 12. e4 Nd7 13. O-O Bxc3 14. bxc3 Ng7 15. Qc1
g5 16. Kh1 Qe7 17. Re1 h5 18. h4 gxh4 19. Bxf4 h3 20. Bf1 Nf6 21. Ng5 hxg2+ 22.
Bxg2 Ng4 23. Qd2 Qf6 24. Nh3 Nxf2+ 25. Qxf2 Bxh3 26. Bxh3 Qxf4 27. Qg2 Rae8 28.
Rf1 Qh4 29. Rxf8+ Rxf8 30. Rg1 Qf6 31. Qg6 b5 32. Qxh5 Qf3+ 33. Qxf3 Rxf3 34.
Bd7 Kf7 35. Bxb5 Rxc3 36. Rf1+ Ke7 37. a4 Nh5 38. Kg2 Re3 39. Rf5 Nf6 40. Rg5
Kf7 41. e5 Rxe5 42. Rxe5 dxe5 43. Kf3 Ke7 0-1

[Event "Xtracon Chess Open 2016"]
[Site "Helsingor DEN"]
[Date "2016.07.23"]
[Round "1.4"]
[White "Dreev, Aleksey"]
[Black "McAndrew, Robert"]
[Result "1-0"]
[WhiteTitle "GM"]
[WhiteElo "2664"]
[BlackElo "1939"]
[WhiteFideId "4100107"]
[BlackFideId "2404915"]
[EventDate "2016.07.23"]

1. d4 d5 2. c4 c6 3. Nf3 Nf6 4. e3 a6 5. Nbd2 e6 6. b3 Be7 7. Bb2 O-O 8. Qc2
Nbd7 9. Bd3 Re8 10. Ne5 Nf8 11. Ndf3 Ne4 12. Nd2 f6 13. Nef3 Nxd2 14. Nxd2 Bd6
15. O-O b6 16. e4 Ra7 17. f4 Rf7 18. Rae1 dxe4 19. Nxe4 Bb8 20. Be2 Rd7 21. Bh5
Ng6 22. d5 cxd5 23. cxd5 Rxd5 24. Bxg6 hxg6 25. Nxf6+ gxf6 26. Qxg6+ Kf8 27.
Bxf6 Re7 28. f5 Qc7 29. Be5 Qc5+ 30. Kh1 Rf7 31. fxe6 1-0

[Event "Xtracon Chess Open 2016"]
[Site "Helsingor DEN"]
[Date "2016.07.23"]
[Round "1.5"]
[White "Nielsen, Carsten Juul"]
[Black "Amin, Bassem"]
[Result "0-1"]
[BlackTitle "GM"]
[WhiteElo "1939"]
[BlackElo "2654"]
[WhiteFideId "1402242"]
[BlackFideId "10601457"]
[EventDate "2016.07.23"]

1. d4 e6 2. c4 f5 3. Nc3 Nf6 4. g3 Bb4 5. Bd2 O-O 6. Bg2 d6 7. a3 Bxc3 8. Bxc3
Nbd7 9. Nf3 Ne4 10. Qc2 Ndf6 11. O-O Qe8 12. Nd2 Nxc3 13. Qxc3 e5 14. dxe5 dxe5
15. Nf3 e4 16. Nd4 Bd7 17. Rfd1 c5 18. Nc2 Qh5 19. f3 Rae8 20. Ne3 f4 21. Nd5
fxg3 22. Nxf6+ Rxf6 23. Rxd7 Qxh2+ 24. Kf1 Ref8 25. Rxg7+ Kxg7 26. f4 Kg8 27. e3
Rxf4+ 0-1

[Event "Xtracon Chess Open 2016"]
[Site "Helsingor DEN"]
[Date "2016.07.23"]
[Round "1.6"]
[White "Hammer, Jon Ludvig"]
[Black "Andreassen, Mikkel"]
[Result "1-0"]
[WhiteTitle "GM"]
[WhiteElo "2652"]
[BlackElo "1937"]
[WhiteFideId "1503707"]
[BlackFideId "1412990"]
[EventDate "2016.07.23"]

1. e4 e5 2. Nf3 Nc6 3. Bc4 Nf6 4. d3 Bc5 5. c3 a6 6. O-O d6 7. a4 h6 8. Na3 O-O
9. Nc2 Be6 10. Bxe6 fxe6 11. b4 Ba7 12. Be3 Nd7 13. Nd2 d5 14. Bxa7 Rxa7 15. Nb3
b6 16. Qe2 Qg5 17. a5 Ne7 18. Qe3 Rf4 19. f3 Ng6 20. g3 Ra8 21. Kh1 Rff8 22.
Qxg5 hxg5 23. Kg2 Kf7 24. Ne3 Nf6 25. Ra2 Ke7 26. Rfa1 b5 27. exd5 Nxd5 28. Nd1
Rf5 29. Nc5 Nf8 30. Ne4 Nd7 31. g4 Rf4 32. Rb1 N5f6 33. Nxg5 c5 34. Nh3 1-0

[Event "Xtracon Chess Open 2016"]
[Site "Helsingor DEN"]
[Date "2016.07.23"]
[Round "1.7"]
[White "Linderod, Lars Erik"]
[Black "Vovk, Andriy"]
[Result "0-1"]
[BlackTitle "GM"]
[WhiteElo "1935"]
[BlackElo "2637"]
[WhiteFideId "1435965"]
[BlackFideId "14114470"]
[EventDate "2016.07.23"]

1. e4 c5 2. Nf3 d6 3. d4 cxd4 4. Nxd4 Nf6 5. Nc3 Nc6 6. Be3 Ng4 7. Bg5 h6 8. Bh4
g5 9. Be2 Nge5 10. Bg3 Bg7 11. Nf5 Bxf5 12. exf5 Nd4 13. O-O Nxf5 14. Bxe5 Bxe5
15. Bb5+ Kf8 16. Qh5 e6 17. Rad1 Rc8 18. Rfe1 Bxc3 19. bxc3 Rxc3 20. Rd2 Qa5 21.
Be8 Rc7 22. Red1 Ng7 0-1

[Event "Xtracon Chess Open 2016"]
[Site "Helsingor DEN"]
[Date "2016.07.23"]
[Round "1.8"]
[White "Naroditsky, Daniel"]
[Black "Saltvedt, Martin"]
[Result "1-0"]
[WhiteTitle "GM"]
[WhiteElo "2634"]
[BlackElo "1935"]
[WhiteFideId "2026961"]
[BlackFideId "1518500"]
[EventDate "2016.07.23"]

1. d4 d5 2. Nc3 Nf6 3. Bf4 Bf5 4. f3 e6 5. g4 Bg6 6. h4 h6 7. e3 Bd6 8. Nge2 a6
9. Bxd6 Qxd6 10. Nf4 Nc6 11. Nxg6 Qg3+ 12. Kd2 fxg6 13. Bd3 O-O 14. Qe2 g5 15.
hxg5 hxg5 16. Rag1 Qd6 17. f4 gxf4 18. g5 Ne4+ 19. Bxe4 dxe4 20. Qh5 fxe3+ 21.
Kc1 Qxd4 22. g6 Qd2+ 23. Kb1 1-0

[Event "Xtracon Chess Open 2016"]
[Site "Helsingor DEN"]
[Date "2016.07.23"]
[Round "1.9"]
[White "Westerlund, Ola"]
[Black "Maze, Sebastien"]
[Result "0-1"]
[BlackTitle "GM"]
[WhiteElo "1930"]
[BlackElo "2628"]
[WhiteFideId "1712101"]
[BlackFideId "613762"]
[EventDate "2016.07.23"]

1. d4 Nf6 2. c4 g6 3. Nf3 Bg7 4. g3 O-O 5. Bg2 d6 6. O-O c6 7. Nc3 Qa5 8. h3 Qa6
9. Qb3 Nbd7 10. e4 e5 11. dxe5 dxe5 12. Be3 Re8 13. Nd2 Bf8 14. Rfc1 Bc5 15. Na4
Bxe3 16. fxe3 Qa5 17. Qc2 Nc5 18. Nb3 Nxb3 19. axb3 Qc7 20. Rd1 Nh5 21. Kh2 Be6
22. Rd2 b6 23. Rad1 Rad8 24. b4 Rxd2 25. Rxd2 Rd8 26. Bf1 Nf6 27. Nc3 Qe7 28.
Rxd8+ Qxd8 29. Qd3 Qf8 30. b5 cxb5 31. Nxb5 Qb4 32. Qc3 Qxc3 33. Nxc3 a5 34. Bd3
Kf8 35. Nd5 Bxd5 36. exd5 Ke7 37. Bc2 Kd6 38. Ba4 Kc5 39. b3 Ne4 40. h4 f5 41.
Kg2 Nd6 42. Kf3 h6 43. g4 Kb4 44. gxf5 gxf5 45. Ke2 Kc3 46. Kf3 Kd2 47. Bd7 Kc2
48. Bxf5+ Kxb3 0-1

[Event "Xtracon Chess Open 2016"]
[Site "Helsingor DEN"]
[Date "2016.07.23"]
[Round "1.11"]
[White "Bosselmann, Tom Linus"]
[Black "Agdestein, Simen"]
[Result "0-1"]
[BlackTitle "GM"]
[WhiteElo "1928"]
[BlackElo "2603"]
[WhiteFideId "12983845"]
[BlackFideId "1500015"]
[EventDate "2016.07.23"]

1. e4 c5 2. d4 cxd4 3. c3 d3 4. Bxd3 Nc6 5. Nf3 g6 6. O-O Bg7 7. Be3 Nf6 8. h3
d5 9. Nbd2 O-O 10. Rc1 Qc7 11. Qc2 h6 12. a3 e5 13. b4 dxe4 14. Nxe4 Nxe4 15.
Bxe4 Ne7 16. Bc5 f5 17. Bd3 b6 18. Bc4+ Kh7 19. Bxe7 Qxe7 20. Bd5 Bb7 21. Rcd1
Rac8 22. c4 e4 23. Rfe1 Bxd5 24. Rxd5 Qb7 25. Nd4 Qxd5 26. cxd5 Rxc2 27. Nxc2
Rc8 28. Re2 Kg8 29. b5 Kf7 30. Nb4 Rc1+ 31. Kh2 Bf8 32. Rd2 Bd6+ 33. g3 Rc3 34.
Kg2 Rxa3 35. Nc2 Ra2 36. Re2 Bc5 37. Kf1 Rb2 38. Rd2 Ke7 39. Ke2 Kd6 0-1

[Event "Xtracon Chess Open 2016"]
[Site "Helsingor DEN"]
[Date "2016.07.23"]
[Round "1.12"]
[White "Vorobiov, Evgeny E."]
[Black "Jarlnaes, Erik"]
[Result "1-0"]
[WhiteTitle "GM"]
[WhiteElo "2584"]
[BlackElo "1928"]
[WhiteFideId "4121341"]
[BlackFideId "1414623"]
[EventDate "2016.07.23"]

1. d4 Nf6 2. c4 e6 3. Nf3 d5 4. Nc3 Be7 5. Bf4 c6 6. e3 O-O 7. h3 dxc4 8. Bxc4
b5 9. Bd3 b4 10. Na4 Qa5 11. O-O Ba6 12. b3 Rd8 13. Rc1 Bxd3 14. Qxd3 c5 15. Qc4
Na6 16. dxc5 Rac8 17. c6 Nd5 18. Rfd1 Nxf4 19. Rxd8+ Rxd8 20. Qxf4 Bf6 21. g3 h6
22. Kg2 Rc8 23. Qe4 Qd5 24. Qxd5 exd5 25. Ne1 Nb8 26. c7 Na6 27. Rc6 Nxc7 28.
Nd3 Bd8 29. Nxb4 Rb8 30. Na6 Nxa6 31. Rxa6 Bb6 32. Nxb6 axb6 33. Ra4 Rd8 34. Rb4
Rd6 35. Rd4 f5 36. g4 g6 37. a4 Kf7 38. b4 Kf6 39. a5 bxa5 40. bxa5 Ke5 41. gxf5
gxf5 42. Ra4 Rg6+ 43. Kf3 Ra6 44. Ke2 Kd6 45. Kd3 Kc5 46. f4 Kb5 47. Ra2 Kb4 48.
Ra1 Kc5 49. Kc3 d4+ 50. exd4+ Kd5 51. Kd3 Rg6 52. a6 Rg3+ 53. Ke2 Rg2+ 54. Kf3
Rg8 55. a7 Ra8 56. Ra4 Kc6 57. Ke3 Kb5 58. Ra1 Kc4 59. Rc1+ Kb5 60. Rc7 Kb6 61.
Rf7 Re8+ 62. Kd3 Rg8 63. Kc4 Re8 64. Kd5 1-0

[Event "Xtracon Chess Open 2016"]
[Site "Helsingor DEN"]
[Date "2016.07.23"]
[Round "1.13"]
[White "Skjoldager, Flemming"]
[Black "Degraeve, Jean-Marc"]
[Result "0-1"]
[BlackTitle "GM"]
[WhiteElo "1926"]
[BlackElo "2579"]
[WhiteFideId "1406515"]
[BlackFideId "600270"]
[EventDate "2016.07.23"]

1. Nf3 g6 2. c4 Bg7 3. d4 d6 4. Nc3 c5 5. e3 cxd4 6. exd4 Bg4 7. Be2 Nc6 8. d5
Bxf3 9. Bxf3 Ne5 10. O-O Nh6 11. Bxh6 Bxh6 12. Qa4+ Kf8 13. Be2 Bg7 14. Rac1 Nd7
15. b3 Nc5 16. Qa3 a5 17. Rc2 Bf6 18. Rd1 Kg7 19. Bf3 Qb6 20. Nb5 Na6 21. Re2 h5
22. Qc1 a4 23. Qe3 Qxe3 24. Rxe3 Rhc8 25. h3 Kf8 26. Rb1 Nb4 27. Re2 axb3 28.
axb3 Ra5 29. g4 hxg4 30. Bxg4 Rca8 31. Bd7 Ra2 32. Rxa2 Rxa2 33. f4 Nd3 34. Rf1
Nc5 35. Bc8 Nxb3 36. Bxb7 Nd2 37. Rc1 Nf3+ 38. Kf1 Bh4 0-1

[Event "Xtracon Chess Open 2016"]
[Site "Helsingor DEN"]
[Date "2016.07.23"]
[Round "1.14"]
[White "Marin, Mihail"]
[Black "Meyer, Juergen"]
[Result "1-0"]
[WhiteTitle "GM"]
[WhiteElo "2576"]
[BlackElo "1925"]
[WhiteFideId "1200020"]
[BlackFideId "24661759"]
[EventDate "2016.07.23"]

1. d4 d5 2. c4 c6 3. Nf3 Nf6 4. Nc3 dxc4 5. a4 Bf5 6. e3 e6 7. Bxc4 Bb4 8. O-O
Nbd7 9. Qe2 O-O 10. e4 Bg6 11. Bd3 Re8 12. Bf4 a6 13. Rfd1 Rc8 14. h3 Qa5 15.
Nd2 Qh5 16. Qxh5 Nxh5 17. Bh2 f5 18. e5 f4 19. Bxg6 hxg6 20. g4 fxg3 21. fxg3
Rf8 22. Rf1 Rxf1+ 23. Rxf1 g5 24. Nf3 Be7 25. Ne4 Nf8 26. Nfxg5 g6 27. g4 Bxg5
28. Nxg5 Ng7 29. Bf4 c5 30. dxc5 Rxc5 31. Ne4 Rc8 32. Nf6+ Kh8 33. Rc1 1-0

[Event "Xtracon Chess Open 2016"]
[Site "Helsingor DEN"]
[Date "2016.07.23"]
[Round "1.15"]
[White "Edvardsen, Ragnar"]
[Black "Brunello, Sabino"]
[Result "0-1"]
[BlackTitle "GM"]
[WhiteElo "1924"]
[BlackElo "2567"]
[WhiteFideId "1502719"]
[BlackFideId "813613"]
[EventDate "2016.07.23"]

1. e4 c5 2. Nf3 Nc6 3. d4 cxd4 4. Nxd4 e6 5. Nc3 Qc7 6. Be3 a6 7. Be2 Nf6 8. Qd2
b5 9. a3 Bb7 10. f4 d6 11. O-O Be7 12. Nb3 O-O 13. Bf3 Rab8 14. Rad1 Nd7 15. e5
d5 16. Qf2 b4 17. axb4 Nxb4 18. Nd4 g6 19. g4 Rfc8 20. Bg2 Bf8 21. h4 a5 22. Bh3
Ba6 23. Rfe1 Nc6 24. Nxc6 Qxc6 25. Bd4 Rxb2 26. f5 Bc5 27. fxg6 fxg6 28. Bxc5
Nxc5 29. Bf1 Rf8 30. Qd2 Nb3 31. Qh6 Qxc3 32. Bxa6 Qg3+ 33. Kh1 Rf2 0-1

[Event "Xtracon Chess Open 2016"]
[Site "Helsingor DEN"]
[Date "2016.07.23"]
[Round "1.17"]
[White "Keen, Cosima"]
[Black "Gretarsson, Hjorvar Steinn"]
[Result "0-1"]
[BlackTitle "GM"]
[WhiteElo "1918"]
[BlackElo "2550"]
[WhiteFideId "423050"]
[BlackFideId "2302241"]
[EventDate "2016.07.23"]

1. e4 c5 2. Nf3 e6 3. g3 Nc6 4. Bg2 e5 5. O-O g6 6. c3 Bg7 7. Na3 d6 8. Nc2 Nge7
9. d4 exd4 10. cxd4 Bg4 11. Be3 b6 12. Rc1 O-O 13. b3 Rc8 14. h3 Bxf3 15. Bxf3
cxd4 16. Bf4 h6 17. g4 g5 18. Bh2 Ng6 19. Qd2 Be5 20. Bxe5 dxe5 21. Be2 Nf4 22.
Ba6 Rc7 23. Kh2 d3 24. Na3 Nd4 25. Qe3 Rxc1 26. Rxc1 b5 27. b4 Qb6 28. Bxb5 Rd8
29. Rd1 Qd6 30. Nc4 Qxb4 31. Ba6 Qa4 0-1

[Event "Xtracon Chess Open 2016"]
[Site "Helsingor DEN"]
[Date "2016.07.23"]
[Round "1.18"]
[White "Burmakin, Vladimir"]
[Black "Stuhr, Peter Sebastian"]
[Result "1-0"]
[WhiteTitle "GM"]
[WhiteElo "2549"]
[BlackElo "1918"]
[WhiteFideId "4105109"]
[BlackFideId "1426729"]
[EventDate "2016.07.23"]

1. d4 d6 2. g3 Nf6 3. Bg2 Nbd7 4. e4 e5 5. Ne2 c6 6. a4 b6 7. O-O Rb8 8. b3 Qc7
9. Re1 Be7 10. Ba3 Nf8 11. c4 g5 12. Nbc3 a6 13. b4 h5 14. b5 h4 15. bxc6 Qxc6
16. Nd5 Ng6 17. dxe5 dxe5 18. Nxe7 Nxe7 19. Qd6 Qxd6 20. Bxd6 Nc6 21. Bxb8 Nxb8
22. Reb1 Nbd7 23. a5 bxa5 24. Rxa5 h3 25. Bh1 Kd8 26. Nc3 Re8 27. Bf3 Re6 28.
Nd5 Rc6 29. Nxf6 Nxf6 30. Rxe5 g4 31. Be2 Be6 32. c5 Kc7 33. Rc1 Kb7 34. f3 a5
35. fxg4 Nxg4 36. Rxe6 1-0

[Event "Xtracon Chess Open 2016"]
[Site "Helsingor DEN"]
[Date "2016.07.23"]
[Round "1.19"]
[White "Klitgaard, Ebbe"]
[Black "Svane, Rasmus"]
[Result "0-1"]
[BlackTitle "IM"]
[WhiteElo "1914"]
[BlackElo "2549"]
[WhiteFideId "1414941"]
[BlackFideId "4657101"]
[EventDate "2016.07.23"]

1. c4 e6 2. Nc3 Nf6 3. g3 d5 4. cxd5 exd5 5. d4 c6 6. Bg2 Bd6 7. e3 O-O 8. Nge2
Bf5 9. O-O Re8 10. a3 Nbd7 11. b4 b5 12. Nf4 a5 13. bxa5 Rxa5 14. Bb2 Nb6 15.
Qb3 Nc4 16. Rfd1 Qa8 17. a4 bxa4 18. Qa2 Bc2 19. Re1 Bb3 20. Qb1 Bb4 21. Nd3 a3
22. Nxb4 axb2 23. Rxa5 Qxa5 24. Nba2 Bxa2 25. Nxa2 Ra8 0-1

[Event "Xtracon Chess Open 2016"]
[Site "Helsingor DEN"]
[Date "2016.07.23"]
[Round "1.20"]
[White "Andersen, Mads"]
[Black "Undheim, Bjarne"]
[Result "1-0"]
[WhiteTitle "GM"]
[WhiteElo "2525"]
[BlackElo "1910"]
[WhiteFideId "1413864"]
[BlackFideId "1506862"]
[EventDate "2016.07.23"]

1. d4 d5 2. c4 c6 3. Nf3 Nf6 4. Nbd2 g6 5. e3 Bg7 6. b4 O-O 7. Bb2 Nbd7 8. Be2
b6 9. cxd5 cxd5 10. O-O Bb7 11. Qb3 Rc8 12. b5 Re8 13. a4 Qc7 14. a5 Qb8 15. a6
Ba8 16. Rac1 h6 17. Rxc8 Rxc8 18. Rc1 Rxc1+ 19. Bxc1 Qc7 20. Ba3 Bf8 21. Ne1 e6
22. Qc2 Qxc2 23. Nxc2 Bxa3 24. Nxa3 Kf8 25. f3 Ke7 26. Kf2 Kd6 27. Nc2 Ne8 28.
Bd3 f5 29. g4 Nef6 30. h3 Nf8 31. Ne1 Ke7 32. Ng2 Kd6 33. Nb3 N6d7 34. Nc1 Ke7
35. Na2 Kd6 36. Nb4 Nf6 37. Kg3 Kd7 38. Be2 Kd6 39. Nd3 Ke7 40. Ne5 N6d7 41.
Nxd7 Nxd7 42. Nf4 Kf6 43. Nd3 Ke7 44. Bf1 Kd6 45. Kh4 Ke7 46. g5 hxg5+ 47. Kxg5
Kf7 48. Kh6 Nf8 49. Ne5+ Kf6 50. f4 Ke7 51. Nxg6+ 1-0

[Event "Xtracon Chess Open 2016"]
[Site "Helsingor DEN"]
[Date "2016.07.23"]
[Round "1.21"]
[White "French, Max"]
[Black "Schandorff, Lars"]
[Result "0-1"]
[BlackTitle "GM"]
[WhiteElo "1908"]
[BlackElo "2521"]
[WhiteFideId "426652"]
[BlackFideId "1400070"]
[EventDate "2016.07.23"]

1. d4 Nf6 2. c4 e6 3. Nf3 d5 4. Nc3 c6 5. Bg5 dxc4 6. e3 b5 7. a4 Qb6 8. Bxf6
gxf6 9. Nd2 Nd7 10. b3 Bb4 11. Qc1 cxb3 12. axb5 Bb7 13. Na4 Qc7 14. bxc6 Qxc6
15. f3 Rg8 16. Kd1 Bxd2 17. Kxd2 Rc8 18. Qxc6 Bxc6 19. Rc1 Ke7 20. Nb2 a5 21.
Nc4 a4 22. e4 Bb5 23. g3 Rgd8 24. Bd3 Bxc4 25. Bxc4 Ne5 26. Bb5 Rxd4+ 27. Ke3
Rxc1 28. Rxc1 Rb4 0-1

[Event "Xtracon Chess Open 2016"]
[Site "Helsingor DEN"]
[Date "2016.07.23"]
[Round "1.23"]
[White "Ramkilde, Mikael"]
[Black "Schroeder, Jan-Christian"]
[Result "0-1"]
[BlackTitle "GM"]
[WhiteElo "1907"]
[BlackElo "2507"]
[WhiteFideId "1439391"]
[BlackFideId "24662259"]
[EventDate "2016.07.23"]

1. e4 e5 2. f4 exf4 3. Nf3 Nf6 4. e5 Nh5 5. d4 d6 6. exd6 Bxd6 7. Be2 O-O 8. O-O
Bg4 9. c4 Re8 10. Nc3 Nd7 11. Bd2 c6 12. Qc2 Qf6 13. Ne4 Rxe4 14. Bd3 Re7 15.
Bc3 Qh6 16. Nh4 Ng3 17. hxg3 fxg3 18. Bxh7+ Qxh7 0-1

[Event "Xtracon Chess Open 2016"]
[Site "Helsingor DEN"]
[Date "2016.07.23"]
[Round "1.24"]
[White "Rasmussen, Allan Stig"]
[Black "Nielsen, Thomas1"]
[Result "1-0"]
[WhiteTitle "GM"]
[WhiteElo "2504"]
[BlackElo "1906"]
[WhiteFideId "1406000"]
[BlackFideId "1407147"]
[EventDate "2016.07.23"]

1. d4 d5 2. Nf3 Nf6 3. c4 e6 4. Nc3 c5 5. cxd5 exd5 6. Bg5 Be6 7. e3 Nc6 8. Bb5
a6 9. Bxc6+ bxc6 10. O-O h6 11. Bxf6 Qxf6 12. Qa4 Bd7 13. Ne5 Qe6 14. Rfe1 Bd6
15. Nxd7 Qxd7 16. e4 O-O 17. exd5 cxd4 18. Ne4 Be5 19. dxc6 Qc7 20. g3 f5 21.
Nc5 Rfe8 22. Nd3 f4 23. Qb3+ Kh8 24. Rxe5 Rxe5 25. Qb7 1-0

[Event "Xtracon Chess Open 2016"]
[Site "Helsingor DEN"]
[Date "2016.07.23"]
[Round "1.25"]
[White "Janse, Sebastiaan"]
[Black "Leenhouts, Koen"]
[Result "0-1"]
[BlackTitle "IM"]
[WhiteElo "1903"]
[BlackElo "2491"]
[WhiteFideId "36052191"]
[BlackFideId "1008439"]
[EventDate "2016.07.23"]

1. e4 c5 2. Nc3 a6 3. g3 b5 4. Bg2 Bb7 5. Nh3 b4 6. Ne2 Nf6 7. d3 e6 8. O-O d5
9. e5 Nfd7 10. f4 Be7 11. Kh1 Nc6 12. d4 cxd4 13. Nxd4 Nxd4 14. Qxd4 Rc8 15. f5
exf5 16. Rxf5 Rxc2 17. Ng5 Qb6 18. Qd3 Qc6 19. Bd2 g6 20. Nxf7 gxf5 21. Nxh8
Nxe5 22. Qe2 d4 23. Qh5+ Kd8 24. Nf7+ Kc7 25. Bxc6 Bxc6+ 26. Kg1 Nf3+ 27. Kf1
Nxd2+ 28. Ke1 Nf3+ 29. Kd1 Rd2+ 30. Kc1 d3 31. Qxf5 Rc2+ 32. Kd1 Rd2+ 33. Kc1
Re2 34. Qf4+ Kb7 35. b3 Re1+ 36. Kb2 Re2+ 37. Kc1 d2+ 0-1

[Event "Xtracon Chess Open 2016"]
[Site "Helsingor DEN"]
[Date "2016.07.23"]
[Round "1.26"]
[White "Zoler, Dan"]
[Black "Stokhaug, Jon Arne"]
[Result "1-0"]
[WhiteTitle "GM"]
[WhiteElo "2484"]
[BlackElo "1901"]
[WhiteFideId "2800705"]
[BlackFideId "1506781"]
[EventDate "2016.07.23"]

1. d4 d5 2. c4 c6 3. Nf3 Nf6 4. Nc3 a6 5. a4 g6 6. cxd5 cxd5 7. Bf4 Bg7 8. e3
O-O 9. Be2 Nc6 10. h3 h6 11. O-O Be6 12. Qb3 b6 13. Rfc1 Na5 14. Qd1 Qd7 15. Ne5
Qb7 16. Bf3 Rac8 17. b4 Nc4 18. Nxc4 Rxc4 19. Nxd5 Rxc1 20. Nxf6+ exf6 21. Bxb7
Rxd1+ 22. Rxd1 b5 23. d5 Bd7 24. a5 Bc8 25. Bxc8 Rxc8 26. d6 Rd8 27. d7 1-0

[Event "Xtracon Chess Open 2016"]
[Site "Helsingor DEN"]
[Date "2016.07.23"]
[Round "1.27"]
[White "Lunde, Sigmund"]
[Black "Ringoir, Tanguy"]
[Result "0-1"]
[BlackTitle "GM"]
[WhiteElo "1894"]
[BlackElo "2474"]
[WhiteFideId "1511351"]
[BlackFideId "208027"]
[EventDate "2016.07.23"]

1. Nf3 f5 2. b3 d6 3. d4 g6 4. Bb2 Bg7 5. e3 Nf6 6. c4 O-O 7. Nbd2 e5 8. Qc2 e4
9. Ng1 f4 10. O-O-O fxe3 11. Nxe4 Bh6 12. f4 Nxe4 13. Qxe4 Rxf4 14. Qd5+ Kf8 15.
Ba3 Rf5 0-1

[Event "Xtracon Chess Open 2016"]
[Site "Helsingor DEN"]
[Date "2016.07.23"]
[Round "1.28"]
[White "Sipila, Vilka"]
[Black "Marthedal, Anton Mehmet Yildiz"]
[Result "1-0"]
[WhiteTitle "IM"]
[WhiteElo "2458"]
[BlackElo "1891"]
[WhiteFideId "505455"]
[BlackFideId "1441540"]
[EventDate "2016.07.23"]

1. c4 Nf6 2. Nf3 e6 3. g3 d5 4. Bg2 Bd6 5. O-O O-O 6. b3 Nbd7 7. Bb2 Qe7 8. Qc2
c6 9. d3 Re8 10. e4 dxe4 11. dxe4 e5 12. Ne1 a5 13. a4 Nc5 14. Nd2 Bg4 15. f3
Bc8 16. Kh1 Nfd7 17. f4 exf4 18. gxf4 Qh4 19. e5 Bc7 20. Bd4 Ne6 21. Be3 f6 22.
Rf3 Ndf8 23. Rh3 Qg4 24. Ne4 Nxf4 25. Rg3 Qe2 26. Nxf6+ Kf7 27. Rxg7+ Kxg7 28.
Nxe8+ Kf7 29. Nxc7 Qxe3 30. Nxa8 Ne2 31. Nf3 Ng6 32. Qd2 1-0

[Event "Xtracon Chess Open 2016"]
[Site "Helsingor DEN"]
[Date "2016.07.23"]
[Round "1.29"]
[White "Manz, Andreas"]
[Black "Carlstedt, Jonathan"]
[Result "0-1"]
[BlackTitle "IM"]
[WhiteElo "1890"]
[BlackElo "2457"]
[WhiteFideId "24660108"]
[BlackFideId "24614386"]
[EventDate "2016.07.23"]

1. c4 Nf6 2. Nc3 e5 3. Nf3 e4 4. Ng5 b5 5. Ngxe4 Nxe4 6. Nxe4 bxc4 7. d4 Bb7 8.
Nc3 Bb4 9. Qa4 Qe7 10. a3 Bxc3+ 11. bxc3 Bd5 12. Bf4 O-O 13. Bxc7 d6 14. Bxb8
Raxb8 15. e3 Qb7 16. Bxc4 Bxg2 17. Rg1 Qb2 18. Rd1 Qxc3+ 19. Rd2 Rb1+ 0-1

[Event "Xtracon Chess Open 2016"]
[Site "Helsingor DEN"]
[Date "2016.07.23"]
[Round "1.30"]
[White "Tarjan, James E"]
[Black "Thybo, Thomas Sondergaard"]
[Result "1-0"]
[WhiteTitle "GM"]
[WhiteElo "2447"]
[BlackElo "1886"]
[WhiteFideId "2000180"]
[BlackFideId "1441299"]
[EventDate "2016.07.23"]

1. e4 g6 2. d4 Bg7 3. Nc3 d6 4. Bg5 c5 5. dxc5 Qa5 6. Qd2 Qxc5 7. Nd5 Be6 8. Be3
Qc8 9. Bd4 f6 10. Nf3 Nc6 11. Bb5 Bd7 12. O-O-O Nxd4 13. Nxd4 e5 14. Ne6 Bh6 15.
f4 Kf7 16. Nec7 Bxf4 17. Nxf4 Qxc7 18. Nd5 Qd8 19. Bxd7 Qxd7 20. Rhf1 Kg7 21.
Rf3 Rf8 22. Ne3 Qa4 23. Nf5+ gxf5 24. Rg3+ Kf7 25. Qd5+ Ke8 26. Rg7 Ne7 27. Qxd6 1-0

[Event "Xtracon Chess Open 2016"]
[Site "Helsingor DEN"]
[Date "2016.07.23"]
[Round "1.31"]
[White "Sande, Odmund"]
[Black "Goh, Wei Ming Kevin"]
[Result "0-1"]
[BlackTitle "IM"]
[WhiteElo "1877"]
[BlackElo "2435"]
[WhiteFideId "1507770"]
[BlackFideId "5800706"]
[EventDate "2016.07.23"]

1. d4 Nf6 2. c4 Nc6 3. Nf3 e6 4. Nc3 Bb4 5. Qc2 d6 6. e3 O-O 7. a3 Bxc3+ 8. Qxc3
Re8 9. Be2 e5 10. d5 Ne7 11. O-O c6 12. dxc6 Nxc6 13. Rd1 Qe7 14. b4 Bg4 15. h3
Bh5 16. Ra2 Rac8 17. Qb3 h6 18. a4 a5 19. Ba3 Ne4 20. b5 Nd8 21. Rd5 Qc7 22. b6
Qb8 23. Rxa5 Ne6 24. Rd5 Rc6 25. a5 Rec8 26. Rc2 Nf6 27. Rdd2 Nc5 28. Qb5 Nfe4
29. Rd5 f6 30. g4 Bf7 31. Rd1 Rd8 32. Kg2 Qc8 33. Ne1 h5 34. f3 Ng5 35. Nd3 hxg4
36. hxg4 Nxd3 37. Bxd3 e4 38. Bf1 exf3+ 39. Kg3 Re8 40. Qf5 Be6 41. Qf4 d5 42.
c5 Ne4+ 43. Kxf3 g5 0-1